[Event "WY Girls-U14"]
[Site "Porto Carras GRE"]
[Date "2010.10.29"]
[Round "10.1"]
[White "Bivol, Alina"]
[Black "Saduakassova, Dinara"]
[Result "1-0"]
[BlackTitle "WFM"]
[WhiteElo "2076"]
[BlackElo "2142"]
[WhiteFideId "4100123"]
[BlackFideId "13700090"]
[EventDate "2010.10.20"]

1. e4 c5 2. Nf3 d6 3. d4 Nf6 4. Nc3 cxd4 5. Nxd4 a6 6. Be2 e6 7. O-O Qc7 8. f4
Be7 9. Be3 Nc6 10. g4 h6 11. Qd2 Nxd4 12. Qxd4 e5 13. Qd2 exf4 14. Bxf4 Be6 15.
Rad1 Rd8 16. Bf3 Qc8 17. g5 hxg5 18. Bxg5 Rh3 19. Nd5 Rxf3 20. Rxf3 Nxe4 21. Qa5
Nxg5 22. Rc3 Qb8 23. Nxe7 Qa7+ 24. Kg2 Ne4 25. Qa4+ Kxe7 26. Qxe4 Qb8 27. Re1 d5
28. Qh4+ Kd7 29. Qa4+ Ke7 30. Qb4+ Kd7 31. Rf3 Re8 32. c4 Qc7 33. Rxe6 Kxe6 34.
cxd5+ Kxd5 35. Rd3+ Ke6 36. Qe4+ Kf6 37. Rf3+ Kg5 38. Qf5+ 1-0

[Event "WY Girls-U14"]
[Site "Porto Carras GRE"]
[Date "2010.10.29"]
[Round "10.2"]
[White "Hakimifard, Raana"]
[Black "Fataliyeva, Ulviyya Hasil qizi"]
[Result "0-1"]
[BlackTitle "WCM"]
[WhiteElo "1930"]
[BlackElo "1959"]
[WhiteFideId "12510572"]
[BlackFideId "13403052"]
[EventDate "2010.10.20"]

1. e4 e5 2. Nf3 Nc6 3. Bb5 Nf6 4. d3 Bc5 5. Bxc6 dxc6 6. Nbd2 Be6 7. O-O Qd6 8.
b3 O-O-O 9. Bb2 Nd7 10. a3 a6 11. Qe2 f6 12. Nc4 Qf8 13. b4 Be7 14. Ne3 g5 15.
c4 Nb6 16. Rac1 c5 17. Nd5 h5 18. Rfd1 h4 19. Nxe7+ Qxe7 20. bxc5 Na4 21. c6 b6
22. Rb1 Qc5 23. d4 Qxc4 24. Rd3 Nc5 25. Re3 Qxe2 26. Rxe2 Bc4 27. Ree1 Nd3 28.
Red1 Ba2 29. Ra1 Nxb2 30. Rd2 Nc4 31. Rdxa2 exd4 32. Rd1 Ne5 33. Rc2 Nxf3+ 34.
gxf3 Rd6 35. Kf1 Kb8 36. Ke2 Re8 37. Kd3 Ka7 38. Rdc1 b5 39. Rc5 Re5 40. R5c2
Kb6 41. Kd2 Ree6 42. Kd3 Rxc6 43. Kxd4 Rxc2 44. Rxc2 Rd6+ 45. Ke3 Rc6 46. Ra2
Rc3+ 47. Kd4 Rxf3 48. e5 fxe5+ 49. Kxe5 c5 50. Kd5 Rh3 51. Ke4 Rxh2 52. Kf3 Rh1
53. Kg2 Rd1 54. Kh3 b4 0-1

[Event "WY Girls-U14"]
[Site "Porto Carras GRE"]
[Date "2010.10.29"]
[Round "10.3"]
[White "Gaboyan, Susanna"]
[Black "Lei, Tingjie"]
[Result "0-1"]
[WhiteElo "1806"]
[BlackElo "1990"]
[WhiteFideId "13303627"]
[BlackFideId "8605114"]
[EventDate "2010.10.20"]

1. d4 d5 2. Nf3 Nf6 3. c4 c6 4. e3 e6 5. Bd3 Nbd7 6. O-O Bd6 7. Nbd2 O-O 8. e4
dxe4 9. Nxe4 Nxe4 10. Bxe4 h6 11. Bc2 e5 12. Re1 exd4 13. Qxd4 Bc5 14. Qc3 a5
15. a3 Nf6 16. Bxh6 Bxf2+ 17. Kxf2 Ng4+ 18. Kg1 Nxh6 19. Rad1 Qc7 20. Re5 Bg4
21. Rg5 f6 22. Qd3 f5 23. h3 Rad8 24. Qe2 Bxf3 25. Qxf3 Rxd1+ 26. Qxd1 Qb6+ 27.
Kh1 Qxb2 28. Rg6 Re8 29. Qh5 Qc1+ 30. Bd1 Re1+ 31. Kh2 Qxd1 0-1

[Event "WY Girls-U14"]
[Site "Porto Carras GRE"]
[Date "2010.10.29"]
[Round "10.4"]
[White "Nandhidhaa, PV"]
[Black "Styazhkina, Anna"]
[Result "1-0"]
[BlackTitle "WFM"]
[WhiteElo "2060"]
[BlackElo "1974"]
[WhiteFideId "5050847"]
[BlackFideId "24119300"]
[EventDate "2010.10.20"]

1. e4 e5 2. Nf3 Nc6 3. Nc3 g6 4. d4 exd4 5. Nxd4 Bg7 6. Be3 Nf6 7. f3 O-O 8. Qd2
d5 9. exd5 Nxd5 10. Nxc6 bxc6 11. Nxd5 cxd5 12. c3 Qe7 13. O-O-O Be6 14. Kb1 c5
15. h4 Rab8 16. Bh6 Bxh6 17. Qxh6 d4 18. c4 Rb4 19. Qc1 Rfb8 20. Rd2 Bf5+ 21.
Ka1 Qe3 22. Be2 d3 23. Rhd1 Qe5 24. Bf1 h5 25. g4 hxg4 26. fxg4 Bxg4 27. Re1 Qf6
28. Bxd3 a5 29. Rg1 Bh5 30. Rf1 Qxh4 31. Qc3 Re8 32. a3 Rbb8 33. Rdf2 Re7 34.
Rf4 Qg5 35. Be4 Be2 36. Rh1 Qe5 37. Qd2 Bh5 38. Bd5 Rf8 39. Qf2 Qe3 40. Qh4 Rb8
41. Qf6 Rbb7 42. Rxh5 Qe1+ 43. Ka2 gxh5 44. Rf2 Red7 45. Qg6+ Kf8 46. Qh6+ Ke7
47. Rxf7+ Kd8 48. Rf8+ Kc7 49. Qc6# 1-0

[Event "WY Girls-U14"]
[Site "Porto Carras GRE"]
[Date "2010.10.29"]
[Round "10.5"]
[White "Tantsiura, Marja"]
[Black "Khademalsharieh, Sarasadat"]
[Result "1-0"]
[BlackTitle "WFM"]
[WhiteElo "2030"]
[BlackElo "2075"]
[WhiteFideId "14124327"]
[BlackFideId "12512214"]
[EventDate "2010.10.20"]

1. e4 e5 2. Nf3 Nc6 3. c3 d5 4. Qa4 Nf6 5. Nxe5 Bd6 6. Nxc6 bxc6 7. d3 O-O 8.
Be2 Re8 9. O-O dxe4 10. dxe4 Rxe4 11. Qd1 Qe7 12. Bf3 Bg4 13. Nd2 Bxf3 14. Nxf3
Ng4 15. h3 Nf6 16. Bd2 c5 17. Qc2 Re8 18. Rae1 h6 19. Rxe4 Nxe4 20. Re1 f5 21.
Qb3+ Kh7 22. Qa4 Qf7 23. Bc1 c4 24. Nd4 Re5 25. Qxa7 Bc5 26. Qa8 Qd7 27. Be3
Bxd4 28. Bxd4 Re8 29. Qa5 c5 30. Be3 Qc6 31. Qa7 Ra8 32. Qf7 Nd6 33. Qh5 Qe4 34.
Rd1 Qe6 35. a3 Ne4 36. Re1 Rb8 37. Bc1 Qd5 38. f3 Nf6 39. Qh4 Rb6 40. Bxh6 gxh6
41. Re7+ Kg6 42. Qg3+ Kh5 43. Rg7 Nd7 44. Kh2 1-0

[Event "WY Girls-U14"]
[Site "Porto Carras GRE"]
[Date "2010.10.29"]
[Round "10.6"]
[White "Zarkovic, Mila"]
[Black "Bala Kannamma, P"]
[Result "1-0"]
[WhiteElo "1953"]
[BlackElo "1866"]
[WhiteFideId "900451"]
[BlackFideId "5081432"]
[EventDate "2010.10.20"]

1. e4 c5 2. Nf3 a6 3. d4 cxd4 4. Nxd4 Nf6 5. Nc3 Qc7 6. Be2 e6 7. O-O Bb4 8. Qd3
Bxc3 9. bxc3 d6 10. f4 Nbd7 11. Bf3 Nc5 12. Qe3 O-O 13. Kh1 d5 14. e5 Nfe4 15.
Ba3 Re8 16. c4 b6 17. cxd5 exd5 18. c4 Bb7 19. cxd5 Bxd5 20. Bxc5 bxc5 21. Bxe4
Bxe4 22. Qxe4 cxd4 23. Qxd4 Red8 24. Qe4 Rab8 25. Rad1 Qa5 26. e6 Qxa2 27. Rxd8+
Rxd8 28. e7 Re8 29. Qc6 1-0

[Event "WY Girls-U14"]
[Site "Porto Carras GRE"]
[Date "2010.10.29"]
[Round "10.7"]
[White "Cyboran, Katarzyna"]
[Black "Kostitsina, Liubov"]
[Result "0-1"]
[WhiteElo "1800"]
[BlackElo "1910"]
[WhiteFideId "1170597"]
[BlackFideId "24117110"]
[EventDate "2010.10.20"]

1. e4 e5 2. Nf3 Nc6 3. Bb5 f5 4. d4 Nxd4 5. Nxd4 exd4 6. Qxd4 fxe4 7. Qxe4+ Qe7
8. Nc3 Nf6 9. Qxe7+ Bxe7 10. O-O c6 11. Bd3 d5 12. Bg5 Kf7 13. a3 Bd7 14. Rae1
Bd6 15. Ne2 Rhe8 16. Ng3 g6 17. f4 Bc5+ 18. Kh1 Ng4 19. h3 Nf2+ 20. Kh2 Nxd3 21.
cxd3 Rxe1 22. Rxe1 Re8 23. Rxe8 Kxe8 24. Bf6 Kf7 25. Be5 Be7 26. Kg1 c5 27. Kf2
Ke6 28. d4 c4 29. Ke3 b5 30. Ne2 a5 31. Bc7 b4 32. axb4 axb4 33. Be5 Ba4 34. Kd2
Bd8 35. Ng3 Ba5 36. Ne2 Bd7 37. Bg7 Kf7 38. Be5 Bf5 39. g4 Be4 40. Bd6 Ke6 41.
Be5 Kd7 42. b3 Bg2 43. bxc4 dxc4 44. Kc2 Bxh3 45. g5 Bf5+ 46. Kb2 Be6 47. Nc1
c3+ 48. Kc2 Kc6 49. Nb3 Bxb3+ 50. Kxb3 Kd5 51. Bf6 Bb6 52. Be7 Bxd4 53. Bxb4 Ke4
54. Kc2 Kxf4 55. Be7 Kg4 56. Bf6 Be3 57. Kxc3 Bxg5 58. Bd4 Kf3 0-1

[Event "WY Girls-U14"]
[Site "Porto Carras GRE"]
[Date "2010.10.29"]
[Round "10.8"]
[White "Jacimovic, Sara"]
[Black "Garcia-Castany Musellas, Gal.la"]
[Result "1-0"]
[WhiteElo "1908"]
[BlackElo "1768"]
[WhiteFideId "14403668"]
[BlackFideId "2241803"]
[EventDate "2010.10.20"]

1. e4 e5 2. Nf3 Nc6 3. Bb5 a6 4. Ba4 Nf6 5. O-O Be7 6. Re1 b5 7. Bb3 d6 8. c3
O-O 9. h3 Na5 10. Bc2 c5 11. d4 Qc7 12. Nbd2 Bd7 13. d5 c4 14. Nf1 Nb7 15. Ng3
Qc8 16. Nh2 Bd8 17. Be3 Nc5 18. f4 Ne8 19. fxe5 dxe5 20. Nf3 f6 21. b4 cxb3 22.
axb3 Nd6 23. Bf2 Be8 24. Qd2 Bb6 25. Kh1 a5 26. Qe2 Nd7 27. Bxb6 Nxb6 28. Qe3
Qc7 29. Nd2 a4 30. bxa4 bxa4 31. Reb1 Nbc4 32. Nxc4 Nxc4 33. Qd3 Bd7 34. Rb4
Rfc8 35. Ne2 Rab8 36. Ra2 Rxb4 37. cxb4 Qb6 38. Bxa4 Bxa4 39. Rxa4 Nb2 40. Qa6
Qxa6 41. Rxa6 Nd3 42. Ng3 Nxb4 43. Rb6 Nd3 44. Kh2 Nf4 45. Nf5 Rc7 46. Ne3 Kf7
47. g3 Ne2 48. Kg2 Nd4 49. Kf2 Ra7 50. Rb2 g6 51. Nc4 Rc7 52. Rb4 Ke8 53. Rb8+
Kd7 54. Ne3 Ra7 55. Rb2 f5 56. Nc4 fxe4 57. Ke3 Nf5+ 58. Kxe4 Ra4 59. Kd3 e4+
60. Kc3 Nd6 61. Nb6+ 1-0

[Event "WY Girls-U14"]
[Site "Porto Carras GRE"]
[Date "2010.10.29"]
[Round "10.10"]
[White "Kalaydina, Regina Veronicka"]
[Black "Shamatava, Ana"]
[Result "0-1"]
[WhiteElo "1839"]
[BlackElo "1922"]
[WhiteFideId "2600129"]
[BlackFideId "13601008"]
[EventDate "2010.10.20"]

1. d4 Nf6 2. c4 e6 3. Nf3 Bb4+ 4. Bd2 c5 5. Bxb4 cxb4 6. Nbd2 O-O 7. g3 d6 8.
Bg2 Qe7 9. O-O a5 10. Qc2 e5 11. e3 Nc6 12. d5 Nb8 13. a3 Na6 14. Nh4 g6 15.
Rae1 bxa3 16. bxa3 Nc5 17. e4 Nfd7 18. Bh3 b6 19. Ng2 Ba6 20. Rb1 Rab8 21. a4
Bc8 22. Ne3 Na6 23. Nb3 Nb4 24. Qe2 Ba6 25. Rfc1 Rfc8 26. Bg2 Rc7 27. h4 Nf6 28.
Nd2 Bc8 29. Bf3 Bd7 30. Ra1 Qd8 31. Ng4 Nxg4 32. Bxg4 Bxa4 33. h5 Bd7 34. hxg6
fxg6 35. Kg2 Rbc8 36. Rh1 Nc2 37. Bxd7 Qxd7 38. Rac1 Nd4 39. Qe3 b5 40. Ra1 Nc2 0-1

[Event "WY Girls-U14"]
[Site "Porto Carras GRE"]
[Date "2010.10.29"]
[Round "10.11"]
[White "Beinenson, Katsiaryna"]
[Black "Nur, Nabila Azman Hisham"]
[Result "1-0"]
[BlackTitle "WCM"]
[WhiteElo "1921"]
[BlackElo "1829"]
[WhiteFideId "13507044"]
[BlackFideId "5702135"]
[EventDate "2010.10.20"]

1. d4 Nf6 2. Nf3 d5 3. e3 Bg4 4. c4 e6 5. Qb3 Qc8 6. Ne5 Bh5 7. Nc3 c6 8. Bd3
Nbd7 9. f4 Bg6 10. Be2 Nxe5 11. fxe5 Ne4 12. O-O Be7 13. cxd5 exd5 14. Nxd5 cxd5
15. Bb5+ Kf8 16. Qxd5 Ng5 17. Bd2 Rb8 18. h4 Qe6 19. Qxe6 Nxe6 20. d5 Nc5 21. d6
Bxh4 22. Rac1 Ne6 23. Bd7 Kg8 24. Bxe6 fxe6 25. Rf4 Bd8 26. d7 Bf6 27. exf6 gxf6
28. Rc8+ Kf7 29. Rfc4 Ke7 30. Rxb8 1-0

[Event "WY Girls-U14"]
[Site "Porto Carras GRE"]
[Date "2010.10.29"]
[Round "10.12"]
[White "Turk, Tajana"]
[Black "Ruiz Font, Elisabet"]
[Result "1-0"]
[WhiteElo "1772"]
[BlackElo "1902"]
[WhiteFideId "14500027"]
[BlackFideId "2200490"]
[EventDate "2010.10.20"]

1. d4 f5 2. g3 Nf6 3. Bg2 g6 4. Nf3 Bg7 5. O-O d6 6. c4 O-O 7. Nc3 Qe8 8. Re1
Qf7 9. e4 Nxe4 10. Nxe4 fxe4 11. Rxe4 h6 12. Qe2 e6 13. Ne1 Nc6 14. Nc2 e5 15.
Re3 Kh7 16. d5 Ne7 17. Be4 Nf5 18. Rf3 Qe8 19. Rd3 Bd7 20. Bd2 Ne7 21. Re1 Bf5
22. g4 Bxe4 23. Qxe4 Qf7 24. Rf1 Ng8 25. Rh3 Nf6 26. Qg2 Qd7 27. Rh4 Qe7 28. Qh3
Ng8 29. Qg3 Rf7 30. g5 h5 31. Qd3 Rf5 32. Rxh5+ gxh5 33. Qxf5+ Kh8 34. Qf3 Qe8
35. Qe4 Ne7 36. f4 exf4 37. Re1 Be5 38. Bxf4 Ng6 39. Bxe5+ Nxe5 40. Nd4 Qe7 41.
Ne6 Rg8 42. Rf1 Rxg5+ 43. Nxg5 Qxg5+ 44. Kh1 Qg4 45. Qxg4 hxg4 46. b3 Kg7 47.
Kg2 a5 48. Kg3 Kg8 49. Rf4 Nd3 50. Rxg4+ Kh8 51. Re4 Nc1 52. Re8+ Kg7 53. Re7+
Kf6 54. Rxc7 Nxa2 55. Rxb7 Nc1 56. Rb5 Ke5 57. Rxa5 Nxb3 58. Ra6 Nd2 59. Rc6 Kd4
60. Kf4 Nxc4 61. Rxc4+ Kxc4 62. Ke4 1-0

[Event "WY Girls-U14"]
[Site "Porto Carras GRE"]
[Date "2010.10.30"]
[Round "11.1"]
[White "Lei, Tingjie"]
[Black "Bivol, Alina"]
[Result "0-1"]
[WhiteElo "1990"]
[BlackElo "2076"]
[WhiteFideId "8605114"]
[BlackFideId "4100123"]
[EventDate "2010.10.20"]

1. e4 c5 2. Nf3 e6 3. c4 Nc6 4. Nc3 g6 5. d3 a6 6. Be3 d6 7. Be2 Bg7 8. d4 Qb6
9. Na4 Qa5+ 10. Bd2 Qc7 11. dxc5 dxc5 12. Bc3 Bxc3+ 13. Nxc3 Bd7 14. Qd2 O-O-O
15. O-O-O Nge7 16. Qg5 f5 17. e5 Rhf8 18. Qf4 h6 19. h4 g5 20. hxg5 hxg5 21.
Qxg5 Rg8 22. Qe3 b6 23. g3 Ng6 24. Ng5 Qxe5 25. Qf3 Rg7 26. Rh6 Qc7 27. Qh5 Rdg8
28. Qh1 Kb8 29. Rh7 Nd4 30. Rxg7 Rxg7 31. Qh6 Bc8 32. Nf3 Nxf3 33. Bxf3 Ne5 34.
Be2 Ng4 35. Bxg4 Rxg4 36. b3 Qe5 37. Kc2 Rd4 38. Qf8 Rxd1 39. Nxd1 Qe4+ 40. Kd2
Qd4+ 41. Ke2 Kc7 42. Qf7+ Bd7 43. Qe7 Qa1 44. g4 Qxa2+ 45. Ke1 fxg4 46. Ne3 Qa1+
47. Ke2 Qb2+ 48. Kf1 Qxb3 49. Qg7 Qd3+ 50. Kg1 Qd4 51. Qg8 Qa1+ 52. Kh2 Qe5+ 53.
Kg1 g3 54. Qf7 gxf2+ 55. Kxf2 a5 56. Qf8 Qb2+ 57. Kg3 Qd2 58. Ng4 Qd6+ 59. Qf4
Qxf4+ 60. Kxf4 a4 61. Ne3 a3 62. Nc2 a2 63. Ke5 Kc6 64. Na1 b5 65. cxb5+ Kxb5
66. Kd6 Kc4 67. Kxd7 Kc3 68. Kxe6 Kb2 0-1

[Event "WY Girls-U14"]
[Site "Porto Carras GRE"]
[Date "2010.10.30"]
[Round "11.2"]
[White "Fataliyeva, Ulviyya Hasil qizi"]
[Black "Saduakassova, Dinara"]
[Result "0-1"]
[WhiteTitle "WCM"]
[BlackTitle "WFM"]
[WhiteElo "1959"]
[BlackElo "2142"]
[WhiteFideId "13403052"]
[BlackFideId "13700090"]
[EventDate "2010.10.20"]

1. e4 e6 2. d4 d5 3. Nd2 Nc6 4. Ngf3 Nf6 5. e5 Nd7 6. c3 f6 7. exf6 Qxf6 8. Nb3
Bd6 9. Qc2 e5 10. Bg5 Qg6 11. Qxg6+ hxg6 12. dxe5 Ndxe5 13. Be2 Ne7 14. Nxe5
Bxe5 15. O-O-O Bf6 16. Bf4 c6 17. Rhe1 g5 18. Bd6 Nf5 19. Ba3 Kf7 20. h3 b6 21.
Bd3 Nh4 22. Bf1 Nf5 23. g4 Nh4 24. Bd6 Bb7 25. Bg3 Rad8 26. c4 Ng6 27. cxd5 cxd5
28. Nd4 Nf4 29. Bxf4 gxf4 30. Bg2 Rhe8 31. Rxe8 Rxe8 32. Nb5 Rd8 33. Kb1 Rd7 34.
Nxa7 g5 35. Nb5 Kg6 36. Na3 Re7 37. Bf3 Ba6 38. Rd2 d4 39. Nc2 Rd7 40. Be4+ Kg7
41. f3 Rd8 42. Nb4 Bb5 43. Nd5 Rd6 44. Nxf6 Kxf6 45. Kc2 Ke5 46. Rd1 Rh6 47. Re1
Kd6 48. Rh1 Ke5 49. Kd2 Rh8 50. b3 Ba6 51. a4 d3 52. b4 Bc4 53. Rc1 Kd4 54. Rh1
Rh6 55. b5 Rh8 56. Bc6 Rh7 57. Be4 Ra7 58. Ra1 Bxb5 59. Rb1 Bc4 60. Bc6 Rh7 61.
Rh1 Re7 62. Be4 Ra7 63. Ra1 Ra5 64. Bc6 b5 65. Re1 Rxa4 66. Re8 Ra2+ 0-1

[Event "WY Girls-U14"]
[Site "Porto Carras GRE"]
[Date "2010.10.30"]
[Round "11.3"]
[White "Tantsiura, Marja"]
[Black "Nandhidhaa, PV"]
[Result "0-1"]
[WhiteElo "2030"]
[BlackElo "2060"]
[WhiteFideId "14124327"]
[BlackFideId "5050847"]
[EventDate "2010.10.20"]

1. e4 c5 2. Nf3 e6 3. d4 cxd4 4. Nxd4 a6 5. Bd3 Bc5 6. Nb3 Be7 7. Qg4 g6 8. Qe2
d6 9. Nc3 Nd7 10. f4 Qc7 11. Be3 Ngf6 12. g4 b5 13. a3 Bb7 14. g5 Nh5 15. O-O-O
O-O 16. Rhf1 Rfe8 17. Qf2 Bf8 18. Be2 Ng7 19. h4 Rac8 20. h5 Bxe4 21. Bxb5 Bxc2
22. Bxd7 Bxd1 23. Bxc8 Bxb3 24. Bxa6 Qa5 25. Bd3 Rc8 26. Kb1 Nxh5 27. Bb6 Qa8
28. Ne4 Qd5 29. Qe3 Bg7 30. Rf2 Rb8 31. Rd2 Rc8 32. Rf2 Ra8 33. Bf1 Qd1+ 34. Qc1
Ba2+ 0-1

[Event "WY Girls-U14"]
[Site "Porto Carras GRE"]
[Date "2010.10.30"]
[Round "11.4"]
[White "Zarkovic, Mila"]
[Black "Hakimifard, Raana"]
[Result "0-1"]
[WhiteElo "1953"]
[BlackElo "1930"]
[WhiteFideId "900451"]
[BlackFideId "12510572"]
[EventDate "2010.10.20"]

1. e4 c5 2. Nf3 e6 3. d4 cxd4 4. Nxd4 a6 5. Nc3 Qc7 6. Be2 Nc6 7. O-O Nf6 8. Be3
Bb4 9. Na4 Be7 10. Nxc6 bxc6 11. Nb6 Rb8 12. Nxc8 Rxc8 13. Bxa6 Rb8 14. Bd3 Rxb2
15. Bd4 Rb8 16. f4 O-O 17. Rf3 g6 18. Kh1 d6 19. Qe2 c5 20. Bc3 Qc6 21. Bxf6
Bxf6 22. e5 Bg7 23. a4 dxe5 24. fxe5 Rb4 25. Bb5 Qd5 26. Re1 Rb2 27. Bc4 Qd4 28.
Bb5 Qb4 29. Rd1 Rb1 30. Rxb1 Qxb1+ 31. Rf1 Qb2 32. Re1 Rd8 33. Rd1 Rxd1+ 34.
Qxd1 Bxe5 35. g3 Kg7 36. Kg2 Qd4 37. Qxd4 cxd4 38. Kf3 f5 39. a5 Kf6 40. h3 Bb8
41. g4 e5 42. gxf5 gxf5 43. a6 e4+ 44. Ke2 Kg5 45. Bd7 Kf4 46. Bc8 Ke5 47. Bd7
f4 48. Bg4 f3+ 49. Kf1 Kf4 50. Bd7 Ba7 51. Bb5 e3 52. Bd3 h5 53. Bg6 e2+ 54. Ke1
Ke5 0-1

[Event "WY Girls-U14"]
[Site "Porto Carras GRE"]
[Date "2010.10.30"]
[Round "11.5"]
[White "Kostitsina, Liubov"]
[Black "Jacimovic, Sara"]
[Result "1-0"]
[WhiteElo "1910"]
[BlackElo "1908"]
[WhiteFideId "24117110"]
[BlackFideId "14403668"]
[EventDate "2010.10.20"]

1. d4 d5 2. c4 c6 3. Nc3 Nf6 4. Nf3 e6 5. e3 Nbd7 6. b3 Bb4 7. Bb2 Qa5 8. Qc2
Ne4 9. Rc1 Qxa2 10. Bd3 Bxc3+ 11. Bxc3 Qxc2 12. Rxc2 Nxc3 13. Rxc3 f6 14. Kd2
Nb6 15. c5 Nd7 16. Ra1 Kd8 17. b4 Kc7 18. Rca3 a6 19. b5 cxb5 20. Bxb5 Nb8 21.
Ng1 Bd7 22. Bd3 g5 23. Ne2 Bc6 24. Nc1 Nd7 25. Nb3 h5 26. Rb1 f5 27. Na5 Rab8
28. Rab3 Rhf8 29. f3 h4 30. R3b2 b5 31. cxb6+ Rxb6 32. Rxb6 Nxb6 33. Rc1 Nc4+
34. Bxc4 dxc4 35. Rxc4 Kb6 36. Nxc6 a5 37. Ne5 Re8 38. Kc3 Kb5 39. Rc5+ Ka6 40.
Nc4 1-0

[Event "WY Girls-U14"]
[Site "Porto Carras GRE"]
[Date "2010.10.30"]
[Round "11.6"]
[White "Styazhkina, Anna"]
[Black "Gaboyan, Susanna"]
[Result "1-0"]
[WhiteTitle "WFM"]
[WhiteElo "1974"]
[BlackElo "1806"]
[WhiteFideId "24119300"]
[BlackFideId "13303627"]
[EventDate "2010.10.20"]

1. e4 c5 2. Nc3 Nc6 3. Bb5 g6 4. Bxc6 dxc6 5. d3 Nf6 6. Nge2 Bg7 7. Be3 Nd7 8.
Qd2 h6 9. f4 O-O 10. h4 b6 11. g4 Nf6 12. g5 Ng4 13. gxh6 Bxh6 14. h5 e5 15. Nd1
Nxe3 16. Qxe3 exf4 17. Qf3 g5 18. Nf2 f5 19. Rg1 Kf7 20. exf5 Qf6 21. O-O-O Bxf5
22. Nc3 Bg7 23. Ng4 Qe6 24. Ne4 Bxe4 25. dxe4 Qxa2 26. e5 Qa1+ 27. Kd2 Qxb2 28.
Qe4 Kg8 29. h6 Qb4+ 30. Qxb4 cxb4 31. hxg7 Kxg7 32. Ke2 Rad8 33. Kf3 Kg6 34. Rh1
Rxd1 35. Rxd1 c5 36. Rd6+ Kf5 37. e6 Rh8 38. e7 Rh3+ 39. Kf2 Kxg4 40. e8=Q Rf3+
41. Ke2 Re3+ 42. Qxe3 fxe3 43. Kxe3 Kg3 44. Rd7 a5 45. Rb7 a4 46. Rxb6 a3 47.
Rb5 g4 48. Rxc5 Kg2 49. Rb5 1-0

[Event "WY Girls-U14"]
[Site "Porto Carras GRE"]
[Date "2010.10.30"]
[Round "11.7"]
[White "Shamatava, Ana"]
[Black "Turk, Tajana"]
[Result "0-1"]
[WhiteElo "1922"]
[BlackElo "1772"]
[WhiteFideId "13601008"]
[BlackFideId "14500027"]
[EventDate "2010.10.20"]

1. e4 c5 2. Nc3 e6 3. f4 d5 4. exd5 exd5 5. Bb5+ Bd7 6. Qe2+ Be7 7. Nxd5 Nc6 8.
Nf3 a6 9. Bxc6 Bxc6 10. Nxe7 Nxe7 11. O-O O-O 12. d3 Re8 13. Qf2 Qd6 14. Ne5 Bd5
15. Be3 Rac8 16. Rae1 f6 17. Nc4 Qc6 18. f5 b5 19. Nd2 c4 20. dxc4 Bxc4 21. Nxc4
Qxc4 22. c3 Qxa2 23. Ra1 Qc4 24. Rxa6 Nxf5 25. Bc1 Ne7 26. Qg3 Kh8 27. h4 Qc5+
28. Kh2 Qh5 29. Qh3 Rc4 30. Bf4 Ng6 31. Bg3 Ne5 32. Re1 Ng4+ 33. Kh1 Rxe1+ 34.
Bxe1 Qe8 35. Qg3 Nh6 36. Rb6 Qe2 37. Ra6 Qf1+ 0-1

[Event "WY Girls-U14"]
[Site "Porto Carras GRE"]
[Date "2010.10.30"]
[Round "11.9"]
[White "Schmalhorst, Sophia"]
[Black "Rodriguez Rueda, Paula Andrea"]
[Result "1/2-1/2"]
[BlackTitle "WFM"]
[WhiteElo "1850"]
[BlackElo "2099"]
[WhiteFideId "24682497"]
[BlackFideId "4404564"]
[EventDate "2010.10.20"]

1. e4 c5 2. Nf3 d6 3. d4 cxd4 4. Nxd4 Nf6 5. Nc3 a6 6. Be3 e6 7. Be2 Qc7 8. O-O
Be7 9. a4 O-O 10. Kh1 b6 11. f4 Bb7 12. Bd3 Nbd7 13. Qe1 Rfe8 14. Qg3 Bf8 15.
Rae1 Kh8 16. Nf3 h6 17. e5 Nd5 18. Bd4 Nxc3 19. Bxc3 Bxf3 20. Rxf3 Nc5 21. exd6
Qxd6 22. Qh4 Kg8 23. Rg3 Nxd3 24. cxd3 Kh7 25. Qg4 g6 26. Rge3 Bg7 27. Qf3 Rec8
28. Be5 Qc6 29. Qe4 a5 30. Qd4 Rd8 31. Qc4 Rac8 32. b3 Qb7 33. Qe4 Qxe4 34. dxe4
Bxe5 35. fxe5 Rc5 36. Kg1 Rxe5 37. Kf2 Rd4 38. Kf3 Kg7 39. Rc1 Rb4 40. Rc7 Kf8
41. Kf4 Rg5 42. Kf3 b5 43. axb5 Rgxb5 44. Rcc3 e5 45. g4 Kg7 46. Kg3 f5 47. gxf5
gxf5 48. exf5 Kf6 49. Rc6+ Kxf5 50. Rxh6 Kg5 51. Rh8 Rxb3 52. Rg8+ Kh5 53. Rh8+
Kg6 54. Kf3 a4 55. Rg8+ Kf7 56. Ra8 R5b4 57. Ra6 Rh4 58. Rxb3 axb3 59. Rb6 Rxh2
60. Ke4 Re2+ 61. Kd3 Rb2 62. Kc3 Rb1 63. Kd2 e4 64. Rb4 b2 65. Kc2 Re1 66. Kxb2
Ke6 67. Rb5 Rd1 68. Kc2 Rd7 69. Rb1 Ke5 70. Rd1 Rh7 71. Kd2 Rh2+ 72. Ke3 Rh3+
73. Ke2 Rf3 74. Rf1 Ra3 75. Rd1 Kf4 76. Rf1+ Rf3 77. Rxf3+ exf3+ 78. Kf2 Ke4 79.
Kf1 Ke3 80. Ke1 f2+ 81. Kf1 1/2-1/2

[Event "WY Girls-U14"]
[Site "Porto Carras GRE"]
[Date "2010.10.30"]
[Round "11.10"]
[White "Khademalsharieh, Sarasadat"]
[Black "Chiang, Sarah"]
[Result "1/2-1/2"]
[WhiteTitle "WFM"]
[BlackTitle "WCM"]
[WhiteElo "2075"]
[BlackElo "1864"]
[WhiteFideId "12512214"]
[BlackFideId "2010810"]
[EventDate "2010.10.20"]

1. d4 Nf6 2. Nf3 e6 3. c4 d5 4. Nc3 Be7 5. e3 O-O 6. Bd3 b6 7. O-O Bb7 8. b3 Ne4
9. Bb2 Nd7 10. Qc2 f5 11. Ne5 c5 12. Nxd7 Qxd7 13. dxc5 Bxc5 14. Rad1 Nxc3 15.
Qxc3 Rf6 16. cxd5 Qxd5 17. f3 Qc6 18. Kh1 Qe8 19. Qe5 Qe7 20. Bc4 Kh8 21. Qf4
Rg6 22. Bb5 Rd8 23. Be5 a6 24. Be2 Kg8 25. e4 Rf8 26. Bd6 Bxd6 27. Qxd6 Qg5 28.
Qg3 Qxg3 29. hxg3 fxe4 30. fxe4 Bxe4 31. Rxf8+ Kxf8 32. Bxa6 Rxg3 33. Rd2 Rc3
34. Bc4 Kf7 35. Re2 Bd5 36. Bb5 h6 37. Kg1 Ke7 38. Rd2 Be4 39. Rd7+ Kf6 40. Rd4
Rc1+ 41. Kh2 Ke5 42. Rb4 Rc2 43. Bf1 Rf2 44. Kg1 Rxa2 45. Rxb6 Bd5 46. Rb4 g5
47. Rb8 h5 48. b4 Kf4 49. Kh2 Kg4 50. Rc8 h4 51. Rc3 Rb2 52. b5 Rf2 53. Kg1 Rb2
54. Kh2 Kf4 55. Rc8 Ke3 56. Kg1 Kd2 57. Rg8 Ke3 58. Rxg5 Rb1 59. Rg4 h3 60. gxh3
Bf3 61. Rg6 e5 62. b6 e4 63. h4 Be2 64. Rf6 Bxf1 65. Rxf1 Rxb6 66. Ra1 Kf3 67.
Ra7 Rb1+ 68. Kh2 e3 69. Rf7+ Ke2 70. Kg2 Rb4 71. Ra7 Rg4+ 72. Kh3 Rg8 73. h5 Re8
74. Kg4 Kf2 75. h6 e2 76. Ra2 Kf1 77. Ra1+ e1=Q 78. Rxe1+ Kxe1 79. Kg5 Ke2 80.
h7 Kf3 81. Kg6 1/2-1/2

[Event "WY Girls-U14"]
[Site "Porto Carras GRE"]
[Date "2010.10.30"]
[Round "11.11"]
[White "Osmanodja, Filiz"]
[Black "Rykala, Monika"]
[Result "1-0"]
[WhiteTitle "WFM"]
[WhiteElo "2059"]
[BlackElo "1767"]
[WhiteFideId "24633569"]
[BlackFideId "1125249"]
[EventDate "2010.10.20"]

1. e4 c5 2. Nf3 d6 3. d4 cxd4 4. Nxd4 Nf6 5. Nc3 a6 6. Be3 e5 7. Nf3 Qc7 8. a4
Be7 9. a5 O-O 10. Be2 Nc6 11. Bb6 Qb8 12. Nd5 Nxd5 13. exd5 Na7 14. O-O Bd7 15.
Nd2 f5 16. f4 Nc8 17. Be3 Qc7 18. c4 Bf6 19. fxe5 Bxe5 20. Ra2 f4 21. Bf2 Bf5
22. Nf3 Bf6 23. Nd4 Qd7 24. Nxf5 Qxf5 25. b4 Ne7 26. Bf3 Ng6 27. c5 Ne5 28. Be2
Be7 29. Bd4 Qe4 30. Rd2 Bg5 31. Bf3 Qf5 32. c6 Nxf3+ 33. Qxf3 Rac8 34. Bb6 bxc6
35. dxc6 Be7 36. c7 Kh8 37. Qe2 Qg5 38. Rf3 d5 39. Qe6 Bxb4 40. Rxd5 Qe7 41.
Qxe7 Bxe7 42. Rfd3 Rce8 43. Rd8 1-0